| 000 | 00334nam a2200133Ia 4500 | ||
|---|---|---|---|
| 005 | 20260328104316.0 | ||
| 008 | 260328s9999||||xx |||||||||||||| ||und|| | ||
| 100 | _aMilani, Umberto | ||
| 245 | 0 |
_aRecent Italian Architecture / _cUmberto Milani |
|
| 260 | _bEdizioni del Milione | ||
| 300 | _a139 p. | ||
| 650 | _aITALIA | ||
| 942 | _cBK | ||
| 999 |
_c11170 _d11170 |
||